| 000 | 00570nam a2200193 a 4500 | ||
|---|---|---|---|
| 005 | 20140310183215.0 | ||
| 008 | 030620s19uu xx 00 eng d | ||
| 020 | _a9710844857 | ||
| 050 |
_aHF 5549.5.T8 _b.M6 1982 |
||
| 100 | _aMobley, William H. | ||
| 245 |
_aEmployee turnover : _bcauses, consequences, and control / _cWilliam H. Mobley. |
||
| 260 |
_aReading, Massachusetts : _bAddison-Wesley, _c1982. |
||
| 300 |
_a212 p. : _c20 cm. |
||
| 521 | _aBSBA | ||
| 650 | _aLabor turnover | ||
| 650 | _aPersonnel Management | ||
| 942 |
_cBK _2lcc _kFOR |
||
| 999 |
_c20231 _d20231 |
||